000
00254nam a22001217a 4500
003
SGT
082
_a
746.44
_b
MAA
100
_a
MAARLEU, HESSELT
245
_a
NATIVE DESIGN'SFROM INDIA
260
_b
HVD PUBLISHER
_c
2016
300
_a
105
942
_2
ddc
_c
BK
999
_c
13381
_d
13381